000 00514nam a2200181Ia 4500
005 20250326124931.0
008 250326s9999 xx 000 0 und d
037 _aTextbook
040 _aFMSL
_beng
_cFMSL
041 _aeng
_2eng
084 _aX:8D M13
_qFMSL
100 _aPocock M A
_9738236
245 0 _aHandbook of ficial planning and control
_cPocock M A; Taylor A H
260 _aNew Delhi
_bNew Delhi, Gower
_c1981
300 _a423p
942 _cTB
_hX:8D M13
999 _c1275825
_d1275825